Song by Opening Lyric #9 - Statistics

General Stats
  • This quiz has been taken 26 times
  • The average score is 11 of 40
Answer Stats
Opening Lyric Song Artist % Correct
- Justin Timberlake -
68%
- Can't Stop The Feeling -
64%
- Billy Joel -
59%
- Bradley Cooper and Lady Gaga -
59%
- Happy -
59%
- Pharrell Williams -
59%
- Shallow -
59%
- The Sound of Music -
59%
- We Didn't Start The Fire -
59%
- My Favorite Things -
50%
- Best Day Of My Life -
32%
- Creep -
32%
- Radiohead -
32%
- Somebody Told Me -
32%
- The Killers -
32%
- Lola -
27%
- The Kinks -
27%
- American Authors -
23%
- Blind Melon -
23%
- Fleetwood Mac -
23%
- Flagpole Sitta -
18%
- Franz Ferdinand -
18%
- Harvey Danger -
18%
- No Rain -
18%
- Of Monsters and Men -
18%
- Take Me Out -
18%
- Tom's Diner -
18%
- Alan Jackson -
14%
- Don't Stop -
14%
- Little Talks -
14%
- Arlo Guthrie -
9%
- City of New Orleans -
9%
- Matchbox Twenty -
9%
- 3AM -
5%
- Eleanor -
5%
- It's Five O'Clock Somewhere -
5%
- Low Millions -
5%
- She's Got You -
5%
- Patsy Cline -
0%
- Suzanne Vega -
0%
No matching quizzes found
Score Distribution
Percent of People with Each Score
Percentile by Number Answered
Your Score History
You have not taken this quiz